=LDR 00000nam 2200000 4500 =001 INLIS000000000026615 =005 20130612125039 =008 ***********************************Ind** =035 ##$$0010-061300000026615 =041 ##$$a Ind =082 ##$$a 959.8 =090 ##$$a 959.8, Sut k =100 ##$$a Sutrisno, Slamet =245 ##$$a Kontroversi dan rekonstruksi sejarah, Slamet Sutrisno ; Penyunting, Widya A =260 ##$$a 2006 $b Yogyakarta =300 ##$$a xii, 120 hlm, 18 cm =650 ##$$a Indonesia, Sejarah =850 ##$$a NBPNMAT =990 ##$$a 11521152 =990 ##$$a 00093636